000 00353nam a2200109Ia 4500
008 200302s9999 xx 000 0 und d
100 _aNicole Bridge
245 _aArchitecture 101 from frank gehry to ziggurats, an essential guide to building styles and materials
260 _bAdams Media Division of F+w Media Inc.,
260 _c2015
300 _a256 P.,
999 _c4061
_d4061